載入...

Classroom discipline and management /

書目詳細資料
主要作者: Edwards, Clifford H.
語言:Undetermined
出版: New York : Johnwiley , 2000.
版:3rd ed.
主題:
LEADER 00658nam a2200193Ia 4500
001 138779
008 170722s9999 xx 000 0 und d
020 |a 047136522 
100 |a Edwards, Clifford H. 
245 |a Classroom discipline and management / 
250 |a 3rd ed. 
260 |a New York :  |b Johnwiley ,  |c 2000. 
300 |a p.xviii+397  |c 24cms 
653 |a Educational Management 
653 |a United States,school Discipline 
923 |d 20040312  |n WCD2722/03 
942 |c GEN 
999 |c 128650  |d 128650 
952 |0 0  |1 0  |4 0  |6 T_854_73_000000000000000_P0  |7 0  |9 181926  |a LIB  |b LIB  |d 2013-03-25  |e Modern Book Centre  |o T:854.73 P0  |p 253147  |r 2017-08-12  |v 0.00  |w 2017-08-12  |y GEN